Mouseford academy:A Dream on Ice / (Record no. 195299)

MARC details
000 -LEADER
fixed length control field 00638nam a22001817a 4500
005 - DATE AND TIME OF LATEST TRANSACTION
control field 20230316153216.0
020 ## - INTERNATIONAL STANDARD BOOK NUMBER
International Standard Book Number 9789386041067
Terms of availability 295.00
037 ## - SOURCE OF ACQUISITION
Stock number dpl
Source of stock number/acquisition Scholastic
082 ## - DEWEY DECIMAL CLASSIFICATION NUMBER
Classification number S
100 1# - MAIN ENTRY--PERSONAL NAME
Personal name Thea, Stilton.
245 14 - TITLE STATEMENT
Title Mouseford academy:A Dream on Ice /
Statement of responsibility, etc by Thea Stilton ; [illustrations by Giuseppe Facciotto ... et al.].
260 ## - PUBLICATION, DISTRIBUTION, ETC. (IMPRINT)
Place of publication, distribution, etc New York :
Name of publisher, distributor, etc Scholastic
Date of publication, distribution, etc 2016
270 ## - ADDRESS
Address 557 Broadway
City New York
Postal code NY 10012
300 ## - PHYSICAL DESCRIPTION
Extent 111p.:
Other physical details col. ill.,
Dimensions 20cm(pb)
490 ## - SERIES STATEMENT
Series statement Mouseford academy- 1
942 ## - ADDED ENTRY ELEMENTS (KOHA)
Source of classification or shelving scheme Dewey Decimal Classification
Item type Children Books
Classification part S
Call number suffix STI
Holdings
Withdrawn status Lost status Not for loan Home library Current library Date acquired Source of acquisition Cost, normal purchase price Full call number Copy number Koha item type
      Central Library Central Library 16/03/2023 DBAD/PUB 295.00 S STI 2 Children Books

© Delhi Public Library
Hit Counter
free hit counter